000
00319nam a22001337a 4500
008
181015b xxu||||| |||| 00| 0 eng d
020
_a
047026649
041
_a
eng
080
_a
159.9
100
_a
50
101
_a
psi
245
_a
Cognitive Psychology And Information Processing
_c
Roy.L
942
_2
udc
_c
BK
999
_c
49795
_d
49795